Notas acerca del cultivo de las artes y de las ciencias y especialmente de la filosofía en Sevilla (Record no. 76752)

MARC details
000 -LEADER
campo de control de longitud fija 01038nam a2200241 i 4500
001 - NÚMERO DE CONTROL
campo de control 76752
003 - IDENTIFICADOR DE NÚMERO DE CONTROL
campo de control ES-MaACL
005 - FECHA Y HORA DE LA ÚLTIMA TRANSACCIÓN
campo de control 20251005063054.0
007 - CAMPO FIJO DE DESCRIPCIÓN FÍSICA--INFORMACIÓN GENERAL
campo de control de longitud fija t|
008 - DATOS DE LONGITUD FIJA--INFORMACIÓN GENERAL
campo de control de longitud fija 041005s1915 sp |||| | spa d
100 1# - ENTRADA PRINCIPAL--NOMBRE DE PERSONA
Nombre de persona Guichot y Sierra, Alejandro,
Fechas asociadas al nombre 1859-1941
9 (RLIN) 60652
245 10 - MENCIÓN DEL TÍTULO
Título Notas acerca del cultivo de las artes y de las ciencias y especialmente de la filosofía en Sevilla
Resto del título : conferencia de Don Alejandro Guichot en el Ateneo, el día 6 de marzo de 1915.
260 ## - PUBLICACIÓN, DISTRIBUCIÓN, ETC.
Lugar de publicación, distribución, etc. Sevilla :
Nombre del editor, distribuidor, etc. [s.n.],
Fecha de publicación, distribución, etc. 1915 (
Fabricante Imp. Arévalo)
300 ## - DESCRIPCIÓN FÍSICA
Extensión 26 p. ;
Dimensiones 20 cm.
530 ## - NOTA DISPONIBLE DE FORMULARIO FÍSICO ADICIONAL
Nota de formato físico adicional disponible Disponible en formato digital.
650 #7 - PUNTO DE ACCESO ADICIONAL DE MATERIA--TÉRMINO DE MATERIA
Término de materia o nombre geográfico como elemento de entrada Filosofía-
Subdivisión geográfica España-
Subdivisión cronológica S.XX
Fuente del encabezamiento o término
9 (RLIN) 143004
710 2# - ENTRADA AGREGADA--NOMBRE DE ENTIDAD CORPORATIVA
Nombre de entidad corporativa o nombre de jurisdicción como elemento de entrada Ateneo de Sevilla.
9 (RLIN) 2028
852 ## - LOCALIZACIÓN
Ubicación ES-MaACL
Número de control de estantería T-1464-F-9
Ubicación en estantería Depósito folletos
Nota libre Revisado enlace: 26 Marzo de 2025
itemnumber 79630
852 ## - LOCALIZACIÓN
Ubicación ES-MaACL
Número de control de estantería 1492-F-13
itemnumber 79629
Ubicación en estantería Depósito folletos
Nota libre Revisado enlace: 26 Marzo de 2025
856 ## - LOCALIZACIÓN Y ACCESO ELECTRÓNICOS
Identificador Uniforme de Recursos <a href="http://mdc.csuc.cat/cdm/ref/collection/fulletsAB/id/25232#dcId=1553793637853&p=1">http://mdc.csuc.cat/cdm/ref/collection/fulletsAB/id/25232#dcId=1553793637853&p=1</a>
Texto de enlace Ateneu Barcelonès
942 ## - ELEMENTOS DE ENTRADA SECUNDARIOS (KOHA)
Fuente del sistema de clasificación o colocación Clasificación decimal universal
Holdings
Estatus retirado Estado de pérdida Estado de daño No para préstamo Colección Biblioteca de origen Biblioteca actual Ubicación en estantería Fecha de adquisición Fuente de adquisición Total de préstamos Signatura topográfica completa Código de barras Visto por última vez Precio de reemplazo Tipo de ítem Koha
        Colección de folletos Biblioteca del Ateneo de Madrid Biblioteca del Ateneo de Madrid Depósito folletos 17/01/2008     1492-F-13 1080311 23/02/2023 23/02/2023 Folleto
        Colección de folletos Biblioteca del Ateneo de Madrid Biblioteca del Ateneo de Madrid Depósito folletos 17/01/2008     T-1464-F-9 1080310 23/02/2023 23/02/2023 Folleto